La bastarda : romanzo /

Saved in:
Bibliografiske detaljer
Hovedforfatter: Leduc, Violette (Author)
Andre forfattere: Beauvoir, Simone : de, Riva, Valerio
Format: Bog
Sprog:italiensk
Udgivet: Milano : Feltrinelli economica, 1977
Serier:Universale economica ; 783
Tags: Tilføj Tag
Ingen Tags, Vær først til at tagge denne postø!

MARC

LEADER 00000nam a22000007i 4500
001 IT\ICCU\SBL\0239964
003 ItRI
005 20260115232347.0
008 910930s1977 it |||||| ||||| |||||c
015 |2 IT  |a 796414 
040 |b ita  |c importazione bologna sebina 
041 7 |a ita  |2 ISO-639-2 
082 |a 843.9  |9 NARRATIVA FRANCESE. 1900-  |2 18 
100 1 |a Leduc, Violette  |0 IT\ICCU\CFIV\108528  |4 aut 
240 1 3 |a La bâtarde  |3 IT\ICCU\CFI\0206769  |9 Leduc, Violette 
245 1 3 |a La bastarda :  |b romanzo /  |c Violette Leduc ; prefazione di Simone de Beauvoir. 
260 |a Milano :  |b Feltrinelli economica,  |c 1977 
300 |a 429 p. ;  |c 18 cm 
500 |a Trad. di Valerio Riva. 
700 1 |a Beauvoir, Simone : de  |0 IT\ICCU\CFIV\020476 
700 1 |a Riva, Valerio  |0 IT\ICCU\CFIV\069400 
830 0 |a Universale economica ;  |v 783  |0 IT\ICCU\CFI\0001103 
942 |2 ddc  |c BK  |n 0 
952 |0 0  |1 0  |4 0  |6 L_843_914000000000000_LED  |7 0  |9 24802  |a BO  |b BO  |d 2026-01-15  |i 1326  |l 0  |o L 843.914 LED  |p BO1326  |r 2026-01-15 23:23:47  |w 2026-01-15  |x [Sebina 5] [1 v.]  |y BK  |z 1 v. 
999 |c 21080  |d 21080